[Event "Montenegro Festival-01 IM 2021"]
[Site "Niksic"]
[Date "2021.02.27"]
[Round "3"]
[White "Nikac, Predrag"]
[Black "Tomic, Aleksandar"]
[Result "1-0"]
[WhiteElo "2320"]
[BlackElo "2339"]
[Annotator "TA"]
[PlyCount "87"]
[EventDate "2021.02.26"]
[EventType "tourn"]
[EventRounds "9"]
[EventCountry "MNE"]

{[%evp 22,87,14,0,0,-52,-54,-46,-47,-40,-52,-43,-34,-57,-46,-38,-51,-31,-45,-25,0,0,12,0,22,0,2,0,0,0,0,0,0,0,0,0,55,63,37,6,62,66,70,60,164,153,319,156,274,163,166,163,147,104,115,70,218,218,218,217,294,286,449,439,413,434,398,395]} 1. e4 c5 2. Nf3 d6 3. d4 cxd4 4. Nxd4 Nf6 5. Nc3 Nc6 6. Bc4 e6 7. O-O Be7 8. Be3 O-O 9. Bb3 Bd7 10. f4 Nxd4 11. Bxd4 Bc6 12. Qd3 {is the legacy move (12.Qe2).} b5 {[%cal Bb7b5,Bb5b4][%mdl 32] B88: Sicilian: Sozin Attack.} 13. Rae1 (13. a3 $11) 13... b4 $15 14. Nd1 {[%cal Bc3d1,Bd1f2,Bf2g4][%mdl 32] [#]} a5 $146 {Black is slightly better.} ({Predecessor:} 14... Qb8 15. Qg3 Qb7 16. Nf2 Rfe8 17. Ng4 Nxg4 18. Qxg4 Bf8 19. f5 e5 20. Be3 Kh8 {0-1 (34) Vanko,J (2025)-Vodicka,V (2290) Czechia 2000}) 15. Nf2 Qc7 16. c4 e5 17. fxe5 dxe5 18. Qg3 Nd7 19. Ng4 {Strongly threatening Nh6+.} Qd6 20. Bxe5 Qc5+ (20... Nxe5 {is interesting.} 21. Qxe5 Rae8 22. Kh1 Qg6 23. Qf5 Bh4) 21. Kh1 {White threatens Nh6+ and mate.} Nxe5 22. Qxe5 (22. Nxe5 Bd6 $17) 22... Rae8 23. Qg3 $36 {[%mdl 2048] White is pushing.} Kh8 24. Rf5 Qd4 25. c5 Bxe4 (25... Bxc5 $2 26. Rd1 $18) 26. Re5 {[%cal Re5e4]} f5 {[%cal Rf5g4]} (26... Bxc5 $2 27. Rd1 $18) 27. Ba4 fxg4 28. Bxe8 (28. R5xe4 $2 Qxe4 $3 {[%mdl 512]} 29. Bxe8 Qc4 $19) 28... Bxc5 ({Black should try} 28... Qc4 $11 29. h3 Bxc5) 29. Bb5 $14 (29. R5xe4 Qxe4 $3 {[%mdl 512]} 30. Bb5 Qd4 $17) 29... Bg6 {White should prevent ...Bd6.} 30. R5e2 Bd6 (30... b3 $1 $11 31. a3 (31. axb3 Qb4 $11) (31. Qxb3 Qf4 $11) 31... h5) 31. Qe3 Qf6 32. Rd1 Bc7 (32... g3 $14) 33. Ree1 $1 $18 g3 $2 (33... Qh4 $16 {is a better defense.} 34. g3 Qh5) 34. Qe7 ({Not} 34. hxg3 Bb6 $16) (34. Rf1 $18 Bf5 35. Bd7 (35. hxg3 g5 $11)) 34... Bd8 {[#]} (34... Bf4 $16 {was called for.} 35. Re6 Qxe7 36. Rxe7 Rb8) 35. Qxf6 (35. Qxf8+ $142 $3 {[%mdl 512]} Qxf8 36. Re8 $3 {[%mdl 512]}) 35... Bxf6 {[#]} 36. b3 ({Don't take} 36. hxg3 $6 Bxb2 37. Re6 Bc3 $16) 36... gxh2 37. Kxh2 h6 38. Bc4 Bh5 ({Better is} 38... a4 $14) 39. Rd5 Bg5 40. Rxa5 Bg4 41. Rf1 Rd8 (41... Re8 {was worth a try.} 42. Kg3 Bd8) 42. Kg3 {Black must now prevent Rxg5.} Bh5 43. Rh1 {Threatens to win with Rxg5.} g6 44. Rf1 {Weighted Error Value: White=0.15/Black=0.30} 1-0

[Event "Montenegro Festival-01 IM 2021"]
[Site "Niksic"]
[Date "2021.02.27"]
[Round "3"]
[White "Arapovic, Vitomir"]
[Black "Pecurica, Milos"]
[Result "1/2-1/2"]
[WhiteElo "2295"]
[BlackElo "2320"]
[Annotator "TA"]
[PlyCount "55"]
[EventDate "2021.02.26"]
[EventType "tourn"]
[EventRounds "9"]
[EventCountry "MNE"]

{[%evp 11,55,0,0,-1,0,-11,39,41,43,39,93,83,82,78,77,34,45,27,56,56,37,45,56,0,0,-62,-53,-87,-73,-116,-118,-144,-94,-113,-82,-123,0,0,0,0,0,0,0,0,77,68]} 1. e4 e6 2. d4 d5 3. Nc3 Nf6 4. Bg5 Bb4 5. exd5 Qxd5 6. Bxf6 gxf6 7. Nf3 {C12: French: Classical System: McCutcheon Variation.} Qa5 8. Qd3 {[#]} c5 $146 ({Predecessor:} 8... Nd7 9. Nd2 Bxc3 10. bxc3 Nb6 11. Nb3 Qg5 12. g3 Bd7 13. Bg2 Bb5 14. h4 Qh5 {1-0 (34) Hickl,J (2540)-Piskov,Y (2500) Berlin 1992}) 9. Be2 {White is slightly better.} cxd4 10. Nxd4 Bxc3+ (10... Bd7 $14) 11. bxc3 $16 (11. Qxc3 $6 Qxc3+ 12. bxc3 Nd7 $11) 11... a6 12. O-O Nd7 {[%cal Bb8d7,Bd7c5,Bc5a4][%mdl 32]} 13. f4 Nc5 14. Qe3 Na4 15. c4 Bd7 16. Bf3 Qc7 17. Nb3 ({Better is} 17. Rab1 $14 Rb8 18. Bd5) 17... Bc6 $11 18. Kh1 (18. Rad1 $11) 18... Bxf3 19. Qxf3 O-O-O {[%cal Ba8d8,Bd8d7,Bd7g7,Bg7g6][%mdl 32]} 20. Qh5 f5 (20... Qxc4 21. Qxf7 Rhg8 22. Rae1 $14) 21. c5 Rd7 ({But not} 21... Nxc5 $6 22. Nxc5 Qxc5 23. Qxf7 $11) 22. Rf3 Rhd8 (22... Nxc5 $6 23. Rc3 $11) 23. h3 f6 ({Don't play} 23... Nxc5 24. Rc3 $15) ({Black should play} 23... Kb8 $17 24. Qh4 Ka7) 24. Qh6 Rg7 25. Qxf6 Rg6 $1 {[%cal Rg6f6]} 26. Qh4 Rdg8 {Strongly threatening ...Nc3!} 27. Rg1 Qc6 {[#]} (27... Nc3 $1 $11 {remains equal.} 28. Rxc3 Qg7) 28. Qf2 $1 {Weighted Error Value: White=0.18/Black=0.19} ({Much weaker is} 28. Qxh7 $6 Qe4 $11) 1/2-1/2

[Event "Montenegro Festival-01 IM 2021"]
[Site "Niksic"]
[Date "2021.02.27"]
[Round "3"]
[White "Jelcic, Marko"]
[Black "Miletic, Vuk"]
[Result "1/2-1/2"]
[WhiteElo "2208"]
[BlackElo "2157"]
[Annotator "TA"]
[PlyCount "119"]
[EventDate "2021.02.26"]
[EventType "tourn"]
[EventRounds "9"]
[EventCountry "MNE"]

{[%evp 26,119,46,43,42,42,30,39,30,8,12,-7,22,21,22,0,0,0,0,0,0,0,0,0,0,-18,0,-113,-45,-41,14,15,26,0,30,0,45,0,0,0,0,0,0,0,0,-4,0,0,23,23,8,18,25,8,23,23,45,60,68,60,68,29,29,23,60,60,60,60,60,60,60,60,60,60,271,0,60,60,60,60,60,7,26,25,9,0,14,0,0,-32,0,0,0,0,0,-129]} 1. e4 c5 2. Nf3 Nc6 3. d4 cxd4 4. Nxd4 g6 5. c4 Bg7 6. Be3 Nf6 7. Nc3 O-O 8. Be2 d6 9. O-O Bd7 10. Qd2 Nxd4 11. Bxd4 Bc6 12. f3 a5 13. Rac1 Nd7 14. Be3 a4 {has lost popularity (14...Nc5). B38: Sicilian: Maroczy Bind with 5...Bg7 and 7...0-0.} 15. Rfd1 Nc5 16. Nd5 Bxd5 {White is slightly better.} 17. exd5 Qa5 {[#]} 18. Qc2 $146 ({Predecessor:} 18. Qxa5 Rxa5 19. Rb1 Ra6 20. Kf2 Rfa8 21. Bd4 Bxd4+ 22. Rxd4 Kg7 23. h4 Rb6 24. Rd2 Kf6 25. Rc2 {½-½ (43) Teplyi,I (2305)-Kulhanek,T (2441) Prague 2010}) 18... Qb4 19. Rb1 Rfc8 20. h4 (20. Bf1 {is more complex.} Re8 21. g3 e6 22. dxe6 Rxe6 23. Bf2) 20... Nd7 21. Qd2 Qxd2 22. Rxd2 Bf6 23. g3 Nc5 24. Rc2 Na6 25. Rcc1 Nb4 26. Bd2 (26. a3 $11 {keeps the balance.} Na6 27. Kh2) 26... Bd4+ ({Black should try} 26... Nxa2 $17 27. Rd1 a3 28. bxa3 Rxa3) 27. Kg2 $15 Na6 (27... Nxa2 $15 28. Rd1 Bc5) 28. h5 Kg7 29. Rh1 Nc5 30. g4 Nd7 31. f4 b5 32. h6+ Kf8 33. Rhc1 bxc4 34. Rxc4 Rxc4 35. Bxc4 Rc8 36. Bd3 Nc5 37. Bc2 Nb3 38. Bc3 Bxc3 39. bxc3 $11 {[%mdl 4096] Endgame KRB-KRN} Nc5 40. Rb4 Ra8 41. a3 Ke8 42. Kf3 Kd7 43. Ke3 Kc7 44. g5 f5 45. Kd4 Ra5 46. Bd1 $1 Ra7 47. Be2 Nb3+ 48. Ke3 Nc5 49. Bb5 Rb7 $2 (49... Ra8 $14) 50. Be2 $2 (50. Be8 $1 $18 Ra7 {[#]} 51. Bxg6 $1 {[%mdl 512]} hxg6 52. Rb8 $3 {[%mdl 512]} Kxb8 53. h7) 50... Ra7 $14 51. Bd1 Ra8 52. Bc2 Ra7 53. Rb1 (53. Bd3 $14) 53... Ra5 54. Kd4 Ra8 55. Kc4 Re8 56. Re1 Kd7 57. Re3 Kc7 58. Bd1 {The position is equal.} Kb6 59. Kb4 {With the idea Be2.} e5 60. Bc2 {Weighted Error Value: White=0.24/Black=0.17} ({Much worse is} 60. Bxa4 Nxa4 61. Kxa4 Kc5 $17) (60. dxe6 $1 $11 Rxe6 61. Rxe6 Nxe6 62. Bxa4 Nxf4 63. Be8) 1/2-1/2

[Event "Montenegro Festival-01 IM 2021"]
[Site "Niksic"]
[Date "2021.02.27"]
[Round "3"]
[White "Alivodic, Dario"]
[Black "Klasan, Vladimir"]
[Result "1/2-1/2"]
[WhiteElo "2189"]
[BlackElo "2304"]
[Annotator "TA"]
[PlyCount "78"]
[EventDate "2021.02.26"]
[EventType "tourn"]
[EventRounds "9"]
[EventCountry "MNE"]

{[%evp 10,78,27,0,-5,-4,4,-14,23,23,33,0,2,8,10,-4,-8,-6,-8,-10,0,0,0,0,0,0,0,0,0,0,0,0,0,0,0,0,0,0,0,0,0,0,0,0,0,0,0,0,0,0,0,0,0,0,0,0,0,0,0,0,0,-3,0,-16,-16,-16,-16,-16,-16,-16,0]} 1. e3 Nf6 2. d4 g6 3. Nf3 Bg7 4. Be2 O-O 5. O-O d5 6. Nbd2 c5 {D02: 1 d4 d5 2 Nf3 sidelines, including 2...Nf6 3 g3 and 2...Nf6 3 Bf4.} 7. c3 Nbd7 8. b3 Qc7 9. Bb2 e5 10. dxe5 Nxe5 {The position is equal.} 11. c4 Nxf3+ {[#]} 12. Bxf3 $146 {[#]} ({Predecessor:} 12. Nxf3) 12... Ng4 $1 13. Bxg4 {aiming for Bxg7.} Bxb2 14. Rb1 Bxg4 15. Qxg4 Bc3 16. Rfd1 d4 17. exd4 Bxd4 18. Nf3 f5 19. Qg3 Qxg3 20. hxg3 Bf6 21. Rd7 Rf7 22. Rbd1 Raf8 23. Kf1 (23. R7d5 {is interesting.} b6 24. Ne5 Bxe5 25. Rxe5 Rb7 26. Kh2) 23... b6 24. R1d5 Rxd7 25. Rxd7 $11 {[%mdl 4096] Endgame KRB-KRN} Rf7 26. Rd5 Re7 27. Ne1 Kf7 (27... Kg7 {with more complications.} 28. Nc2 Kf7 29. Rd6 Be5 30. Rd8 Ke6) 28. Nc2 Ke8 29. Rd6 Be5 30. Rd2 Bg7 31. Re2 Kd7 32. Ne3 Kc6 33. a4 Bh6 (33... Kd7 {is more complex.} 34. Rd2+ Kc8 35. Re2 Bd4 36. Nc2 Rd7) 34. Nd5 Rxe2 35. Kxe2 Bg7 36. f4 Kd6 37. Kf3 h5 38. Kf2 Bd4+ 39. Kf3 Bg7 {A rather calm draw.  Weighted Error Value: White=0.03/Black=0.02} 1/2-1/2

[Event "Montenegro Festival-01 IM 2021"]
[Site "Niksic"]
[Date "2021.02.27"]
[Round "3"]
[White "Kovacevic, Nikola"]
[Black "Nikcevic, Nebojsa"]
[Result "0-1"]
[WhiteElo "2022"]
[BlackElo "2412"]
[Annotator "TA"]
[PlyCount "60"]
[EventDate "2021.02.26"]
[EventType "tourn"]
[EventRounds "9"]
[EventCountry "MNE"]

{[%evp 16,60,18,-48,-39,-64,-48,-52,-44,-348,-353,-333,-332,-402,-364,-372,-378,-463,-455,-573,-569,-629,-608,-733,-687,-811,-701,-779,-426,-422,-416,-419,-415,-414,-399,-388,-339,-387,-367,-435,-437,-500,-428,-457,-458,-453,-443]} 1. e4 c5 2. Nf3 e6 3. d3 Nc6 4. g3 d5 5. Nbd2 Bd6 6. Bg2 Nge7 7. O-O O-O 8. Re1 Bc7 9. Nf1 (9. exd5 $11 exd5 10. d4) 9... d4 $15 {A08: King's Indian Attack.} 10. e5 Ng6 11. Bg5 {[#]} Qe8 $146 {Black is slightly better.} ({Predecessor:} 11... Qd7 12. N1d2 Ncxe5 13. Nxe5 Bxe5 14. Ne4 f6 15. Qh5 Bd6 16. Bd2 e5 17. f4 Be7 18. fxe5 Nxe5 19. Ng5 h6 20. Nf3 Bd6 {½-½ (20) Palacios,A (2345)-Hernandez Onna,R (2435) Havana 1983}) 12. Bf6 $2 {[%mdl 8192]} gxf6 $19 13. exf6 {[#] aiming for Ng5.} Qd8 14. Ng5 {Threatening mate with Qh5.} Qxf6 15. Qh5 {[%csl Gg5][%cal Rh5h7]} Qg7 16. h4 e5 17. Nd2 f6 18. Bd5+ Kh8 19. Kg2 Nce7 20. Bb3 Nf5 21. Re4 Qh6 22. Qxh6 Nxh6 23. Ne6 Bxe6 24. Bxe6 Rae8 25. Bd5 b6 26. Nf3 Ne7 27. Be6 Nef5 {Black is clearly winning.} 28. Bb3 Nd6 29. Re2 e4 {[%mdl 64] [#] Overworked Piece} 30. dxe4 c4 {White got outplayed after the opening.  Weighted Error Value: White=0.80/Black=0.31} 0-1

[Event "Montenegro Festival-01 IM 2021"]
[Site "Niksic"]
[Date "2021.02.28"]
[Round "4.1"]
[White "Nikcevic, Nebojsa"]
[Black "Tomic, Aleksandar"]
[Result "0-1"]
[WhiteElo "2412"]
[BlackElo "2339"]
[Annotator "TA"]
[PlyCount "88"]
[EventDate "2021.02.26"]
[EventType "tourn"]
[EventCountry "MNE"]
[SourceTitle "playchess.com"]
[Source "ChessBase"]
[SourceQuality "1"]

{[%evp 17,88,43,39,41,40,4,19,0,31,13,42,37,39,-2,0,0,0,-36,-25,-47,-12,-66,-30,-59,-26,-25,-18,-68,-47,-57,0,-13,-20,-17,-20,-50,-5,-132,-39,-395,-423,-435,-428,-589,-581,-565,-553,-636,-635,-619,-599,-692,-678,-846,-847,-858,-851,-1020,-903,-863,-861,-809,-703,-1134,-1127,-1114,-1100,-1096,-1091,-954,-770,-1083,-583]} 1. Nf3 {Atalik,S} g6 2. d4 Bg7 3. e4 d6 4. Nc3 a6 5. a4 Bg4 6. Be3 Nc6 7. Be2 e5 8. dxe5 dxe5 9. Qxd8+ Rxd8 10. Nd5 {B06: Modern Defence.} Rd7 {[#]} 11. Nd2 $146 (11. c3 {with more complications.} f5 12. Bc4 f4 13. Bc5 Nf6 14. Ng5) ({Predecessor:} 11. h3 Bxf3 12. Bxf3 Nd4 13. Bd1 Ne7 14. Nxe7 Kxe7 15. c3 Ne6 16. Bb3 h5 17. Ke2 Bh6 18. Bxh6 Rxh6 19. Bxe6 Kxe6 20. Rhd1 Rh8 {½-½ (20) Narayanan,S (2464)-Atalik,S (2564) Paracin 2015 EXT 2016 [Atalik,S]}) 11... Bxe2 12. Kxe2 {The position is equal.} Nf6 13. c4 O-O 14. f3 Nh5 15. g3 f5 16. exf5 gxf5 17. Nb3 Rdf7 18. Rhg1 Re8 19. Bf2 ({White should play} 19. Rae1 $11) 19... e4 20. f4 $1 Bxb2 21. Rab1 Bg7 22. Be3 b6 $36 {[%mdl 2048] Black fights for an advantage.} 23. Rgd1 Rd8 (23... Nf6 $15) 24. a5 bxa5 25. Nc5 Rc8 26. Nxa6 a4 {Threatens to win with ...a3.} 27. Nab4 (27. Rb5 $11 {remains equal.}) 27... Na5 (27... Nxb4 $17 28. Nxb4 a3) 28. Bd4 $2 {[%mdl 8192] [#] Loses the game.} ({Better is} 28. Bc5 $15) 28... Bxd4 $1 $19 29. Rxd4 {Black is clearly winning.} c5 $1 {[%csl LRb4,LRd4][%mdl 64] Double Attack} 30. Rd2 cxb4 31. Rxb4 Rxc4 32. Rb8+ Kg7 33. Ne3 {intending Rb5.} Rc5 34. Ra2 Nc4 35. Rc2 Rfc7 36. Rxc4 Rxc4 37. Nxf5+ Kf6 38. Ne3 R4c5 39. Ra8 Rb7 40. Ng4+ Kf5 {[#] ...Rb2+ is the strong threat.} 41. Ne3+ Kg6 42. Ra6+ Kg7 43. Rxa4 Nf6 44. g4 Nd5 {Weighted Error Value: White=0.60/Black=0.21} 0-1

[Event "Montenegro Festival-01 IM 2021"]
[Site "Niksic"]
[Date "2021.02.28"]
[Round "4.2"]
[White "Miletic, Vuk"]
[Black "Nikac, Predrag"]
[Result "1/2-1/2"]
[WhiteElo "2157"]
[BlackElo "2320"]
[Annotator "TA"]
[PlyCount "46"]
[EventDate "2021.02.26"]
[EventType "tourn"]
[EventCountry "MNE"]
[SourceTitle "playchess.com"]
[Source "ChessBase"]
[SourceQuality "1"]

{[%evp 11,46,56,58,62,58,49,67,41,36,33,38,19,47,0,0,0,0,0,0,0,0,-16,-10,-6,2,6,5,0,0,0,0,0,0,0,0,0,0]} 1. d4 d6 2. e4 e5 3. Nf3 Nc6 4. dxe5 dxe5 5. Qxd8+ Kxd8 6. Bc4 f6 7. Be3 $1 {7.Be3 is better than 7.0-0. C41: Philidor Defence.} Bd6 8. Nbd2 Nge7 9. O-O-O {[#] White is slightly better.} Bd7 $146 ({Predecessor:} 9... Ng6 10. h4 h5 11. Bf7 Nf8 12. a3 Ke7 13. Bb3 Bg4 14. c4 Ne6 15. Rde1 Bc5 {1-0 (38) Markovic,S (2243)-Gajic,A (1749) Kragujevac 2015}) 10. h4 h5 11. a3 Ke8 12. Nb1 Nd8 {The position is equal.} 13. Nc3 a6 14. Nd5 Nxd5 15. Bxd5 ({Don't play} 15. Rxd5 Be6 $17) 15... Be6 16. Bxe6 Nxe6 17. Nd2 Rd8 (17... b5 {looks sharper.} 18. c3 Kf7 19. g3 Rhd8 20. b4 Be7) 18. Nc4 Bc5 19. Rxd8+ Kxd8 20. Rd1+ Kc8 21. f3 Rd8 22. Bxc5 Rxd1+ 23. Kxd1 {[#] aiming for Be3.} Nxc5 {White got outplayed after the opening.  Weighted Error Value: White=0.08/Black=0.03} 1/2-1/2

[Event "Montenegro Festival-01 IM 2021"]
[Site "Niksic"]
[Date "2021.02.28"]
[Round "4.3"]
[White "Pecurica, Milos"]
[Black "Jelcic, Marko"]
[Result "1-0"]
[WhiteElo "2320"]
[BlackElo "2208"]
[Annotator "TA"]
[PlyCount "117"]
[EventDate "2021.02.26"]
[EventType "tourn"]
[EventCountry "MNE"]
[SourceTitle "playchess.com"]
[Source "ChessBase"]
[SourceQuality "1"]

{[%evp 10,117,44,14,25,11,31,8,11,0,6,0,0,0,22,22,27,8,8,8,20,13,0,13,20,0,26,21,49,9,46,0,68,-6,46,0,35,39,43,0,0,0,0,-306,-292,-502,-377,-400,54,50,58,58,58,58,58,58,53,15,145,150,244,168,373,8,8,8,8,8,8,0,335,336,333,329,283,229,191,172,172,42,49,8,8,8,274,250,258,266,266,266,274,281,281,281,267,313,29976,29977,29977,29978,29978,29979,29978,29980,29981,29980,29983,29984,29984,29985]} 1. c4 e5 2. Nc3 Nc6 3. g3 f5 4. Bg2 Nf6 5. e3 d5 6. Nxd5 Nxd5 {A25: English Opening vs King's Indian with ...Nc6 but without early d3.} 7. cxd5 ({Of course not} 7. Bxd5 Nb4 $15) 7... Nb4 8. d3 c6 {The position is equal. has lost popularity (8...Nxd5).} 9. Ne2 Nxd5 10. O-O Bd6 {[#]} 11. Qb3 $146 ({Predecessor:} 11. Nc3 Nf6 12. d4 Qe7 13. d5 e4 14. f3 O-O 15. fxe4 fxe4 16. dxc6 bxc6 17. Nxe4 {½-½ (17) Verfuerth,K (1929)-Klapwijk,B (2203) Eindhoven 2018}) 11... Qe7 12. Bxd5 cxd5 13. Qxd5 Be6 14. Qb5+ Kf7 15. f4 a6 16. Qa5 b5 17. Qe1 Rhc8 18. Bd2 g6 19. a3 Bd5 20. Bc3 Bb7 (20... Bc5 $11 21. fxe5 Bxe3+ 22. Rf2 Bxf2+ 23. Kxf2 Re8) 21. Qf2 ({White should play} 21. Bxe5 $14 Bxe5 22. fxe5) 21... Kg8 (21... e4 $11) 22. h3 Qe6 23. Kh2 a5 24. e4 {Black must now prevent fxe5.} b4 25. axb4 axb4 {...Rxa1 is the strong threat.} 26. Qb6 $2 {[%mdl 8192]} bxc3 $19 27. fxe5 $2 (27. Qxb7 {was the only chance.} Rab8 28. exf5 gxf5 29. Qf3 cxb2 30. Rab1) 27... Rxa1 28. Rxa1 Qxe5 (28... cxb2 $19 29. Qxb2 Bxe5) 29. Qxb7 $14 Rb8 30. Ra8 cxb2 {And now ...Rxa8 would win.} 31. Rxb8+ Bxb8 32. d4 Qc7 33. Qb3+ Kh8 (33... Kg7 $11 {keeps the balance.}) 34. e5 $16 Qc1 (34... Ba7 $16) 35. Qxb8+ $18 (35. Nxc1 bxc1=Q 36. Qxb8+ Kg7 $14) 35... Kg7 36. Qb7+ $2 ({Not} 36. Nxc1 bxc1=Q 37. Qb7+ Kh6 $14) ({Only move:} 36. e6 $18 {White threatens e7 and mate.} b1=Q 37. Qe5+ Kg8 38. Nxc1 Qxc1 39. g4 Qc2+ 40. Kg3 f4+ {[%mdl 64] Decoy} 41. Kxf4 Qc1+ 42. Kf3 Qc3+ 43. Qe3 Qc6+ 44. Kg3) 36... Kh6 $132 {[%mdl 2048] [#] Black is not keeping still} 37. Nxc1 bxc1=Q {[%mdl 4096] Endgame KQ-KQ} 38. Qg2 {Strongly threatening Qe2.} Qe3 39. d5 (39. Qf1 {keeps more tension.} Qd2+ 40. Kh1 Qxd4 41. Qf4+ Qxf4 42. gxf4 g5 43. e6) 39... Qxe5 $2 {[%mdl 8192]} (39... f4 $11) 40. Qd2+ $18 Kg7 41. d6 {Hoping for d7.} Qe8 {intending ...Qd7.} 42. d7 Qd8 43. Qd6 Kf7 {[#]} 44. h4 (44. Kg1 $1 $18) 44... f4 $1 $14 45. Kh3 fxg3 46. Kxg3 h6 $2 {[%mdl 8192]} (46... Kg8 $11 {and Black is okay.}) 47. Kg4 Kg7 48. Kf3 Kf7 49. Kg3 Kg7 50. Kg4 Kf7 51. Kf3 h5 52. Kg3 g5 $2 (52... Kg7 $18 53. Kg2 Qa8+ 54. Kf2 Qa2+ 55. Ke3 Qb3+ 56. Qd3 Qe6+ 57. Kf4 (57. Kd2 Qa2+ 58. Ke3 Qe6+ 59. Kf4 Qf6+ 60. Kg3 Qd8 $18) 57... Qf6+ 58. Kg3 Qd8) 53. Qd5+ {White mates.} Ke7 54. hxg5 Qc7+ {[#]} 55. Kh3 $1 Qc3+ 56. Kh4 {[%cal Rd7d8]} Kd8 57. Kxh5 Qh8+ 58. Kg6 Qc3 59. Qg8+ {Never resign too early!  Weighted Error Value: White=0.41/Black=0.51} 1-0

[Event "Montenegro Festival-01 IM 2021"]
[Site "Niksic"]
[Date "2021.02.28"]
[Round "4.4"]
[White "Klasan, Vladimir"]
[Black "Arapovic, Vitomir"]
[Result "1-0"]
[WhiteElo "2304"]
[BlackElo "2295"]
[Annotator "TA"]
[PlyCount "125"]
[EventDate "2021.02.26"]
[EventType "tourn"]
[EventCountry "MNE"]
[SourceTitle "playchess.com"]
[Source "ChessBase"]
[SourceQuality "1"]

{[%evp 12,125,59,63,58,45,50,49,66,56,51,41,50,42,50,44,53,56,55,44,49,54,53,64,56,47,79,28,38,29,63,53,62,58,58,80,75,53,56,40,117,106,105,41,43,40,48,50,50,54,63,69,76,56,141,97,127,104,113,110,100,89,103,86,63,66,107,66,98,94,130,64,68,77,190,179,182,79,63,18,79,79,229,231,196,173,240,244,2444,2417,2404,2062,1740,1114,1043,1042,1035,992,860,520,678,574,568,562,598,576,804,877,870,870,828,810,761,739,805,780]} 1. e4 c5 2. Nf3 a6 3. Nc3 Nc6 4. d4 cxd4 5. Nxd4 e5 6. Nf5 d6 7. Ne3 Nf6 {B28: Sicilian: 2 Nf3 a6 (O'Kelly Variation).} 8. Ned5 Nxd5 9. Nxd5 Be7 {White is slightly better.} 10. Be3 {Strongly threatening Bb6.} O-O 11. Bb6 Qd7 12. Bc4 Bd8 {[#]} 13. c3 $146 ({Predecessor:} 13. O-O Ne7 14. Be3 b5 15. Bb3 Bb7 16. c3 Rb8 17. Qd3 Bxd5 18. Bxd5 Nxd5 19. Qxd5 Bb6 20. Bxb6 Rxb6 {½-½ (20) Varga,Z (2538)-Sveshnikov,E (2512) Mallorca 2004}) 13... Rb8 14. O-O Kh8 15. Qe2 Bxb6 16. Nxb6 Qc7 17. Nd5 Qd8 18. Rad1 Be6 19. Rd2 (19. Ne3 $16) 19... b5 $11 20. Bb3 Bxd5 21. Bxd5 ({Of course not} 21. exd5 Ne7 $11) 21... Ne7 22. Rfd1 Qb6 23. Bb3 Rbd8 24. Rd3 f5 25. Rh3 {Rxh7+! would kill now.} Rf6 (25... g6 $14) 26. exf5 $1 $16 ({Don't play} 26. Qh5 $6 h6 $11) 26... Nxf5 27. Bc2 (27. g4 $1 $16 {[%cal Rg4f5]} Nh6 28. g5) 27... g6 $14 28. Rf3 {Threatens to win with g4.} Rdf8 29. Be4 b4 30. Bxf5 gxf5 31. cxb4 Qxb4 32. Rb3 Qa4 (32... Qe4 $14 33. Qxa6 Ra8) 33. Ra3 Qb5 34. Qxb5 axb5 $16 {[%mdl 4096] Endgame KRR-KRR} 35. Rb3 Rb8 36. Rb4 Kg7 37. Kf1 Kf7 38. Rd5 Ke6 39. Rbxb5 (39. Rdxb5 {with more complications.} Rc8 40. g3 Rc1+ 41. Kg2 e4 42. a4) 39... Rxb5 40. Rxb5 {KR-KR} Rf7 41. Ke2 (41. a4 $16) 41... Ra7 $14 42. a3 e4 (42... Ra4 $16 {might work better.}) 43. Ke3 $18 Ra4 {[#]} 44. Rb3 (44. Rb4 $1 $18 {[%cal Rb4a4]} Ra7 45. f3) 44... Ke5 $16 45. g3 Rc4 (45... d5 $1 $11) 46. Rc3 Rd4 {This costs Black the game.} (46... Ra4 $16) 47. b4 $18 {[%cal Bb2b4,Bb4b5,Bb5b6][%mdl 32]} Rd1 {[#]} 48. Rb3 $1 {aiming for b5.} d5 (48... Ke6 $142 49. b5 Kd7) 49. b5 {Black must now prevent b6.} Rc1 $2 (49... d4+ 50. Ke2 Ra1) 50. b6 {White is clearly winning.} Rc2 51. f4+ Kd6 52. Rb5 Rc3+ 53. Kd2 Rc8 54. a4 Kc6 55. Ke3 Kb7 56. a5 Rd8 57. Kd4 h5 58. Rc5 Ka6 59. Rc7 Kxa5 60. b7 {Threatening mate with Rc8.} Rb8 61. Rc5+ Kb6 62. Rxd5 Rf8 {[#]} 63. Rxf5 $1 {[%mdl 512] Weighted Error Value: White=0.22/Black=0.25} 1-0